Folclor linguístico chileno: paremiología

Uloženo v:
Podrobná bibliografie
Hlavní autor: Plath, Oreste (Autor)
Médium: Kniha
Jazyk:španělština
Vydáno: Santiago Grijalbo 1998
Vydání:2a. ed
Témata:
Tagy: Přidat tag
Žádné tagy, Buďte první, kdo vytvoří štítek k tomuto záznamu!

MARC

LEADER 00000nam a2200000 a 4500
001 UCH6327
003 CL-VaPUC
008 091109e19980000CL |||||||||||||||||spa|d
020 |a 9562580520 
082 0 4 |a 398.9  |b PLA  |2 21 
100 0 |a Plath, Oreste  |e author  |9 330038 
245 1 0 |a Folclor linguístico chileno: paremiología 
250 |a 2a. ed 
300 |a 162 p 
942 |c BK 
945 |d 20091109 00:00:00  |a lazolas 
260 |a Santiago  |b Grijalbo  |c 1998 
650 0 |a Folklore chileno  |9 265536 
650 0 |a Lingüística  |9 265068 
650 7 |a REFRANES  |2 CL-VaPUC  |9 373405 
650 0 |a Cultura  |9 269059 
650 0 |a Costumbres y tradiciones   |9 268292 
651 7 |a CHILE  |2 CL-VaPUC  |9 542759 
583 |a last modification  |c 20091109 00:00:00  |k Rodrigo Vera 
999 |c 337235  |d 337233